=LDR 00000nam 2200000 4500 =001 INLIS000000000000126 =005 20150223141053.0 =006 =007 =008 Ind =035 ##$$0010-061300000000126 =041 ##$$a Ind =082 ##$$a 915.952 =090 ##$$a 915.952, Hul p =100 ##$$a Hullet, Arthur =245 ##$$a Panduan wisata Singapura, Arthur Hullet;Alih bahasa,Yvonne W.Rabet =260 ##$$aJakarta$bSinar Harapan$c1983 =300 ##$$a 225 hlm, ilus, 19 cm =650 ##$$a Singapura =650 ##$$a Wisata =700 ##$$a Rabet,Yvonne W =850 ##$$a NBPNMAT